000 00519nam a2200181Ia 4500
008 090123s9999 xx 000 0 und d
082 _b3996
_a891.463/खेर
100 _aखेर भा.द.
245 _aअमृतपुत्र
250 _a1
260 _bकेसरी मुद्रणालय
_c1975
300 _a414
600 _aखेर भा.द.
630 _aअमृतपुत्र
700 _aखेर भा.द.
730 _aअमृतपुत्र
942 _cBOOK
999 _c42073
_d42073